000 00579nam a2200169 i 4500
001 188247
003 ES-MaACL
005 20230906223142.0
008 180718s19001950ag |||| | spa d
080 _a821.112.2-31"17"
100 1 _aGoethe, Johann Wolfgang von,
_d1749-1832
_957568
245 1 0 _aWilhelm Meister /
_cGoethe.
260 _aBuenos Aires :
_bLa Biblioteca,
_c[19-?]
300 _a3 t. en un 1 vol. (171, 182, 219 p.) ;
_c20 cm.
852 _aES-MaACL
_jL-32093
_z.- Donat. herederos de la bibl. de Mª del Pilar Costa Palacín
999 _c188247
_d188247